| 000 -LEADER |
| fixed length control field |
01980nam a2200625 i 4500 |
| 001 - CONTROL NUMBER |
| control field |
020375671 |
| 003 - CONTROL NUMBER IDENTIFIER |
| control field |
UkOxU |
| 005 - DATE AND TIME OF LATEST TRANSACTION |
| control field |
20230821101602.0 |
| 006 - FIXED-LENGTH DATA ELEMENTS--ADDITIONAL MATERIAL CHARACTERISTICS |
| fixed length control field |
g||| | |q v| |
| 006 - FIXED-LENGTH DATA ELEMENTS--ADDITIONAL MATERIAL CHARACTERISTICS |
| fixed length control field |
innnnj n |
| 006 - FIXED-LENGTH DATA ELEMENTS--ADDITIONAL MATERIAL CHARACTERISTICS |
| fixed length control field |
m jq | |
| 007 - PHYSICAL DESCRIPTION FIXED FIELD--GENERAL INFORMATION |
| fixed length control field |
vd cvaizu |
| 007 - PHYSICAL DESCRIPTION FIXED FIELD--GENERAL INFORMATION |
| fixed length control field |
sd fungnnmmned |
| 007 - PHYSICAL DESCRIPTION FIXED FIELD--GENERAL INFORMATION |
| fixed length control field |
co nga---uuuuu |
| 007 - PHYSICAL DESCRIPTION FIXED FIELD--GENERAL INFORMATION |
| fixed length control field |
cr ||||||||||| |
| 007 - PHYSICAL DESCRIPTION FIXED FIELD--GENERAL INFORMATION |
| fixed length control field |
ta |
| 008 - FIXED-LENGTH DATA ELEMENTS--GENERAL INFORMATION |
| fixed length control field |
150909s2015 enka 000 0 eng c |
| 020 ## - INTERNATIONAL STANDARD BOOK NUMBER |
| International Standard Book Number |
9781107467491 |
| 040 ## - CATALOGING SOURCE |
| Original cataloging agency |
UkOxU |
| Language of cataloging |
eng |
| Description conventions |
rda |
| Transcribing agency |
UkOxU |
| Modifying agency |
KH8 |
| 042 ## - AUTHENTICATION CODE |
| Authentication code |
ukscp |
| 082 ## - DEWEY DECIMAL CLASSIFICATION NUMBER |
| Classification number |
428.24 BEN |
| 100 1# - MAIN ENTRY--PERSONAL NAME |
| Personal name |
Goldstein, Ben |
| Relator term |
author. |
| 245 10 - TITLE STATEMENT |
| Title |
Eyes open. |
| Number of part/section of a work |
2 / |
| Statement of responsibility, etc. |
Ben Goldstein. |
| 264 #1 - PRODUCTION, PUBLICATION, DISTRIBUTION, MANUFACTURE, AND COPYRIGHT NOTICE |
| Place of production, publication, distribution, manufacture |
Cambridge, United Kingdom : |
| Name of producer, publisher, distributor, manufacturer |
Cambridge University Press, |
| Date of production, publication, distribution, manufacture, or copyright notice |
2015- |
| 264 #4 - PRODUCTION, PUBLICATION, DISTRIBUTION, MANUFACTURE, AND COPYRIGHT NOTICE |
| Date of production, publication, distribution, manufacture, or copyright notice |
©2015 |
| 300 ## - PHYSICAL DESCRIPTION |
| Extent |
3 volumes : |
| Other physical details |
illustrations (some colour) ; |
| Dimensions |
30 cm + |
| Accompanying material |
1 DVD + 1 DVD-ROM + 3 audio CDs + online resources |
| 336 ## - CONTENT TYPE |
| Content type term |
text |
| Source |
rdacontent |
| 336 ## - CONTENT TYPE |
| Content type term |
spoken word |
| Source |
rdacontent |
| 336 ## - CONTENT TYPE |
| Content type term |
two-dimensional moving image |
| Source |
rdacontent |
| 336 ## - CONTENT TYPE |
| Content type term |
computer program |
| Source |
rdacontent |
| 337 ## - MEDIA TYPE |
| Media type term |
unmediated |
| Source |
rdamedia |
| 337 ## - MEDIA TYPE |
| Media type term |
audio |
| Source |
rdamedia |
| 337 ## - MEDIA TYPE |
| Media type term |
video |
| Source |
rdamedia |
| 337 ## - MEDIA TYPE |
| Media type term |
computer |
| Source |
rdamedia |
| 338 ## - CARRIER TYPE |
| Carrier type term |
volume |
| Source |
rdacarrier |
| 338 ## - CARRIER TYPE |
| Carrier type term |
audio disc |
| Source |
rdacarrier |
| 338 ## - CARRIER TYPE |
| Carrier type term |
videodisc |
| Source |
rdacarrier |
| 338 ## - CARRIER TYPE |
| Carrier type term |
computer disc |
| Source |
rdacarrier |
| 338 ## - CARRIER TYPE |
| Carrier type term |
online resource |
| Source |
rdacarrier |
| 344 ## - SOUND CHARACTERISTICS |
| Type of recording |
digital |
| Recording medium |
optical |
| Source |
rda |
| 347 ## - DIGITAL FILE CHARACTERISTICS |
| File type |
text file |
| Source |
rda |
| 347 ## - DIGITAL FILE CHARACTERISTICS |
| File type |
audio file |
| Encoding format |
CD audio |
| Source |
rda |
| 347 ## - DIGITAL FILE CHARACTERISTICS |
| File type |
video file |
| Source |
rda |
| 347 ## - DIGITAL FILE CHARACTERISTICS |
| File type |
program file |
| Source |
rda |
| 440 ## - SERIES STATEMENT/ADDED ENTRY--TITLE |
| Title |
Eyes Open |
| Volume/sequential designation |
2 |
| 500 ## - GENERAL NOTE |
| General note |
Online resources available to registered users only. |
| 500 ## - GENERAL NOTE |
| General note |
"Discovery education." |
| 521 ## - TARGET AUDIENCE NOTE |
| Target audience note |
Part 2 of a 4-level course for lower-secondary students. |
| 588 ## - SOURCE OF DESCRIPTION NOTE |
| Source of description note |
Description based on Teacher's book. |
| 650 #0 - SUBJECT ADDED ENTRY--TOPICAL TERM |
| Topical term or geographic name entry element |
English language |
| General subdivision |
Study and teaching (Secondary) |
| 700 ## - ADDED ENTRY--PERSONAL NAME |
| Personal name |
Jones, Ceri, |
| Relator term |
author |
| 700 ## - ADDED ENTRY--PERSONAL NAME |
| Personal name |
Heyderman, Emma |
| Relator term |
author |
| 710 2# - ADDED ENTRY--CORPORATE NAME |
| Corporate name or jurisdiction name as entry element |
Discovery Education (Firm) |
| 942 ## - ADDED ENTRY ELEMENTS (KOHA) |
| Source of classification or shelving scheme |
|
| Koha item type |
Books - Non Ficton |